Statistics for Juventus 11

Click here to take the quiz!

General Stats

  • This quiz has been taken 220 times
    (148 since last reset)
  • The average score is 98 of 176

Answer Stats

HINTANSWER% Correct
02/03 GK | 03/04 GK | 04/05 GK | +11 othersBuffon
100%
06/07 CB | 07/08 CB | 08/09 CB | +9 othersChiellini
98%
10/11 CB | 11/12 CB | 12/13 SW | +4 othersBonucci
95%
15/16 CF | 16/17 AMC | 17/18 AMCDybala
88%
02/03 CF | 03/04 CF | 04/05 CF | +5 othersDel Piero
85%
16/17 LB | 17/18 LBAlex Sandro
83%
11/12 CM | 12/13 CM | 13/14 CM | 14/15 CMPirlo
83%
11/12 CB | 12/13 CB | 13/14 CB | +2 othersBarzagli
81%
16/17 ST | 17/18 STHiguain
81%
14/15 CM | 15/16 MCPogba
80%
09/10 CM | 10/11 CM | 11/12 CM | +4 othersMarchisio
74%
15/16 ST | 16/17 AML | 17/18 AMLMandzukic
69%
11/12 CM | 12/13 CM | 13/14 CM | 14/15 CMVidal
66%
16/17 AMRCuadrado
65%
15/16 MC | 16/17 CM | 17/18 CMKhedira
63%
13/14 CF | 14/15 CFTevez
63%
02/03 CAM | 03/04 CAM | 04/05 CAM | +4 othersNedved
62%
16/17 CM | 17/18 CMPjanic
60%
03/04 ST | 05/06 ST | 06/07 ST | 07/08 STTrezeguet
59%
04/05 CB | 05/06 CB | 09/10 CBCannavaro
58%
11/12 RB | 12/13 RM | 13/14 RM | +3 othersLichtsteiner
57%
17/18 CBBenatia
54%
14/15 LWB | 15/16 DMLEvra
48%
17/18 AMRDouglas Costa
44%
04/05 CF | 05/06 CFIbrahimovic
43%
13/14 ST | 14/15 STLLorente
42%
02/03 RB | 03/04 CB | 04/05 CB | 05/06 CBThuram
42%
02/03 RW | 03/04 RW | 04/05 RW | +2 othersCamoranesi
40%
12/13 LM | 13/14 LMAsamoah
39%
11/12 STMatri
34%
11/12 LW | 12/13 CFVucinic
32%
02/03 LB | 03/04 LWB | 04/05 LWB | 05/06 RWBZambrotta
31%
02/03 CMDavids
30%
08/09 ST | 09/10 STAmauri
24%
09/10 CAMDiego
24%
12/13 CFGiovinco
24%
09/10 LB | 10/11 LBGrosso
24%
02/03 CBMontero
22%
10/11 LW | 11/12 RWPepe
22%
05/06 CMVieira
20%
10/11 GKStorari
19%
05/06 GKAbbiati
18%
10/11 RWKrasic
18%
04/05 CM | 05/06 CMEmerson
17%
02/03 CBFerrara
16%
07/08 RB | 08/09 CBGrygera
16%
03/04 CB | 07/08 CB | 08/09 SW | 09/10 CBLegrottaglie
16%
02/03 CDM | 03/04 CDMTacchinardi
15%
04/05 RBZebina
15%
09/10 CMPoulsen
14%
08/09 CMSissoko
14%
10/11 RBMotta
12%
06/07 CDM | 07/08 CDMZanetti
12%
09/10 CM | 10/11 CMFelipe Melo
10%
07/08 RMSalihamidzic
10%
08/09 RWMarchionni
9%
07/08 LWB | 08/09 LWBMolinaro
9%
06/07 RWBBirindelli
8%
10/11 CMAquilani
7%
06/07 CBBoumsong
7%
02/03 ST | 03/04 STDi Vaio
7%
05/06 LMMutu
7%
08/09 RWBMellberg
6%
06/07 CMParo
6%
04/05 CDMBlasi
5%
03/04 CDMAppiah
3%
06/07 LWBBalzaretti
3%
07/08 CMNocerino
3%

Score Distribution

Percentile by Number Answered

Percent of People with Each Score

Your Score History

You have not taken this quiz since the last reset